Assassin's Creed character quiz - Statistics

General Stats
  • This quiz has been taken 626 times
  • The average score is 4 of 15
Answer Stats
Hint Answer % Correct
Altair
90%
Connor
75%
Ezio Auditore
73%
Edward Kenway
61%
Desmond Miles
32%
Leonardo Da Vinci
13%
Lucy Stillman
13%
Shaun Hastings
11%
William Miles
8%
Rebecca Hawkins
3%
George Washington
2%
Maria Thorpe
2%
Sofia Sartor
2%
Maffeo Polo
0%
Niccolo Polo
0%
No matching quizzes found
Score Distribution
Percent of People with Each Score
Percentile by Number Answered
Your Score History
You have not taken this quiz